000 00601nam a22002057a 4500
003 0
005 20240806162307.0
008 240806b xxu||||| |||| 00| 0 eng d
020 _a9781647254803
050 _aTK 454
_b.H38 2024
100 _aHarrison, Jasper
245 _aCircuits and systems: a modern approach
_cJasper Harrison
260 _aNew York
_bNY Research Press
_c2024
300 _avi, 210 pages:
_bcolored illustrations;
_c27cm.
504 _aIncludes index.
650 _aElectronic circuits.
650 _aElectronic systems.
650 _aElectronics.
942 _2lcc
_cBK
999 _c366044
_d366044